LDR 00753naa#a2200205#i#450# 001 EN\\bibl\120586 005 20260430165321.4 011 ## _a2587-6740 100 ## _a20260415b2026####ek#y0engy0150####ca 102 ## _aRU 200 1# _aAssessment of the impact of economic sanctions on the state of agricultural business in Russia _eJournal article 210 1# _aMoscow _cElectronic science _d2026 215 ## _a4 с. 608 ## _aJournal article _2local 675 ## _aЭкономика сельского хозяйства. Продовольственный комплекс. 338.43 _z 700 #1 _aSpitsyna _gAnna Olegovna 700 #1 _aTkacheva _gNatalia Il'inichna 700 #1 _aKlimenko _gPavel Alekseevich 700 #1 _aStekachev _gViktor Ivanovich 856 4# _aecience.ru _u